Existential elements in Thomas Hardy's novels / (Record no. 143447)

MARC details
000 -LEADER
fixed length control field 00657nam a22002057a 4500
005 - DATE AND TIME OF LATEST TRANSACTION
control field 20170817110026.0
010 ## - LCCN (DPL NO)
LC control number ENG-119778
020 ## - INTERNATIONAL STANDARD BOOK NUMBER
International Standard Book Number 9788188571529
Terms of availability 300.00
035 ## - SYSTEM CONTROL NUMBER
System control number EN-103310
037 ## - SOURCE OF ACQUISITION
Source of stock number/acquisition DBAD/PUB
082 ## - DEWEY DECIMAL CLASSIFICATION NUMBER
Classification number 883.092
100 ## - MAIN ENTRY--PERSONAL NAME
Personal name Yadav, Ashok kumar
245 ## - TITLE STATEMENT
Title Existential elements in Thomas Hardy's novels /
Statement of responsibility, etc by Ashok kumar Yadav [and] Indira A. Budhe
260 ## - PUBLICATION, DISTRIBUTION, ETC. (IMPRINT)
Place of publication, distribution, etc Kanpur
Name of publisher, distributor, etc Chintan Prakashan
Date of publication, distribution, etc 2012
270 ## - ADDRESS
Address 3A/119, Avas Vikas, Hanspuram,
City Kanpur
Postal code 208021
300 ## - PHYSICAL DESCRIPTION
Extent 111p.
Dimensions 22cm(Hb)
500 ## - GENERAL NOTE
General note Includes bibliographical references
700 ## - ADDED ENTRY--PERSONAL NAME
Personal name Budhe, Indira A.
942 ## - ADDED ENTRY ELEMENTS (KOHA)
Source of classification or shelving scheme Dewey Decimal Classification
Item type English Books
Classification part 883.092
Call number suffix YAD
Holdings
Withdrawn status Lost status Not for loan Collection code Home library Current library Date acquired Source of acquisition Cost, normal purchase price Full call number Barcode Copy number Cost, replacement price Koha item type
    Not For Loan Non-fiction D.B.Act.Division Bawana 17/08/2017 DBAD/PUB 300.00 883.092 YAD EN-103310 1 300.00 English Books

© Delhi Public Library
Hit Counter
free hit counter